000 00490nam a2200181Ia 4500
005 20250508160837.0
008 008 250505s9999 xx 000 0 eng d
037 _aTextual
040 _aFEDL
_beng
_cFEDL
041 _aeng
_2eng
084 _a375, STA
_qFEDL
100 _aStaley Eugene
245 0 _aWork-oriented general education
260 _aBombay, India
_bPopular Prakashan
_c1973
300 _avii,120p.
942 _cTEXL
_h375, STA
999 _c1366936
_d1366936